| 000 | 01223nam0a22002891 4500 | ||
|---|---|---|---|
| 001 | rc\3505343 | ||
| 005 | 20130115142144.1 | ||
| 021 |
_aRU _b73-45716 |
||
| 021 |
_aRU _bРг10143-73 |
||
| 035 | _a(NLR Aleph) 007615056 | ||
| 090 |
_a5858620 _c5858620 |
||
| 100 | _a20130115d1973 |||y0rusy50 ca | ||
| 101 | 0 | _arus | |
| 102 | _aRU | ||
| 105 | _ay z ||||| | ||
| 200 | 1 |
_aБиомеханика _eМетод. пособие для студентов фак. заочного обучения ин-тов физ. культуры _fКом. по физ. культуре и спорту при Совете Министров РСФСР. Кафедра анатомии и биомеханики Смол. гос. ин-та физ. культуры |
|
| 210 |
_aСмоленск _cБ. и. _d1973 |
||
| 215 |
_a34 с. _d20 |
||
| 300 | _aНа обороте тит. л. сост.: доц. П.К. Губа | ||
| 320 | _aБиблиогр. в тексте | ||
| 702 | 1 |
_aГуба _bП. К. _4220 |
|
| 712 | 0 | 2 |
_aСмоленский институт физической культуры _3RU\NLR\AUTH\889954783 |
| 801 | 0 |
_aRU _bNLR _gpsbo |
|
| 801 | 1 |
_aRU _bELAR _2rusmarc |
|
| 852 |
_aNLR _j73-4/19754 |
||
| 942 | _cBOOK | ||
| 980 | _aNB | ||